| 000 | 01850aam a2200349 i 4500 | ||
|---|---|---|---|
| 001 | 768714001 | ||
| 003 | CO-MdFUSB | ||
| 005 | 20250421111547.0 | ||
| 007 | ta | ||
| 008 | 220805t1961 -us |||| |||| 00| 0 eng d | ||
| 020 | _q[No incluye ISBN] | ||
| 040 |
_bspa. _aCO-MdFUSB _cCO-MdFUSB _dCO-MdFUSBC _erda |
||
| 041 | _aspa | ||
| 082 |
_223 _a230.15 _bEA12 |
||
| 245 | 1 | 0 |
_aEarly christian origins : _bstudies in honor of Harold R. Willoughby _c/ editado por Allen Wikgren |
| 264 | 1 |
_aChicago, Estados Unidos : _bQuadrangle Books, _c[1961] |
|
| 264 | 4 | _c© 1961 | |
| 300 |
_a160 páginas _c; 22 cm |
||
| 336 |
_atexto _btxt _2rdacontent |
||
| 337 |
_2rdamedia _asin mediación _bn |
||
| 338 |
_2rdacarrier _avolumen _bnc |
||
| 501 | _aPasta dura | ||
| 505 | _aGenealogías de Jesús / Rodney T. Hood -- Jesús como teólogo / Albert Barnett -- Busca y encontrarás / Carl H. Kraeling --Resurrección en la Iglesia primitiva / Rodney Branton -- Pablo histórico / Frederick C. Grant -- Helenística elementos en I Corintios / Robert M. Grant -- Factores sociales en la escatología cristiana primitiva / Amos N. Wilder -- "El Negro" / S. Vernon McCasland --Cristianismo en Sardis / Sherman E. Johnson -- Ascetismo cristiano primitivo / Mervin M. Deems -- Los pecados de Hermas / Kenneth Willis Clark -- Josefo y las costumbres matrimoniales de los esenios / Horst R. Moehring -- Origen de los tipos de texto de los manuscritos del Nuevo Testamento / Ernest C. Colwell -- Historia y Escritura / Allen Wikgren. | ||
| 563 | _aPasta dura | ||
| 650 | 0 |
_aCristianismo _xDoctrinas. _96786 |
|
| 650 | 7 |
_aIglesia _xHistoria _y(Iglesia primitiva), ca. 0030-0600 _9659 |
|
| 650 | 7 |
_aTeología dogmática _vHistoria _2embne _96938 |
|
| 700 | 1 |
_9137 _aWikgren, Allen Paul, _d1906-1998 _eeditor |
|
| 942 | _cBK | ||
| 945 | _aJTF-925 | ||
| 999 |
_c46726 _d46726 |
||